000 01943nam0a2200361 4500
001 RU\NLR\bibl\55573
005 20260607053418.0
010 _a5-86344-100-3
010 _a5-88774-051-5
_95000
021 _aRU
_b99-32977
_91624
035 _a(NLR Aleph) 000054188
090 _a291966
_c291966
100 _a19991028d1999 |||y0rusy50 ca
101 0 _arus
102 _aRU
105 _ay |||||||||
200 1 _aМеждународное частное право
_eДействующие норматив. акты
_eУчеб. пособие
_fГ.К. Дмитриева, М.В. Филимонова
210 _aМ.
_cИМПЭ
_d1999
215 _a623, [1] с.
_d20
300 _aНа обороте тит.л. авт.: д.ю.н., проф. Г.К. Дмитриева, к.ю.н., доц. М.В. Филимонова
606 0 _aМеждународное частное право
_jРуководства, пособия и т.п.
_xМеждународные договоры
_92119252
_3RU\NLR\auth\661279910
606 0 _aМеждународное частное право
_jУчебные издания
_xМеждународные договоры
_92119252
_3RU\NLR\auth\661279910
606 0 _aМеждународное частное право
_jРуководства, пособия и т.п.
_yРоссийская Федерация
_92119256
_3RU\NLR\auth\661279912
606 0 _aМеждународное частное право
_jУчебные издания
_yРоссийская Федерация
_92119256
_3RU\NLR\auth\661279912
686 _aХ93-3я7
700 1 _4070
_7ca
_8rus
_aДмитриева
_bГ. К.
_cд-р юрид. наук
_gГалина Кирилловна
_916427
_3RU\NLR\auth\7733419
701 1 _aФилимонова
_bМ. В.
_4070
801 0 _aRU
_bNLR
_c19991028
_gPSBO
801 1 _aRU
_bNLR
_c19991028
852 _aNLR
_j99-3/13323
942 _cBOOK
980 _aNB